Quick Pick: '60s Question Songs Quiz Stats

 Plays Quiz Updated Jul 6, 2018

Challenge
Share
Tweet
Embed
Score 0/10 Timer 01:00
0 Plays Today
% Correct
The Beach Boys
86.8%
Tom Jones
86.6%
Elvis Presley
80.8%
The Jimi Hendrix Experience
75.1%
Dionne Warwick
71.2%
The Lovin' Spoonful
70.3%
The Supremes
67.2%
The Beatles
66.4%
The Shirelles
65.8%
Marvin Gaye
58.9%

Today's Daily Dose

Word Ladder
King of the...

Quick Pick
The Doors Songs

On This Day
August 17th II

You're not logged in!

Compare scores with friends on all Sporcle quizzes.
Join for Free
OR
Log In

You Might Also Like...

Show Comments

Extras

Top Quizzes Today


Score Distribution

Your Account Isn't Verified!

In order to create a playlist on Sporcle, you need to verify the email address you used during registration. Go to your Sporcle Settings to finish the process.

Report this User

Report this user for behavior that violates our Community Guidelines.

Details: